Estadísticas para Papas de la historia

Haz click aquí para tomar la prueba!

Estadísticas generales

  • Esta prueba ha sido tomada 868 veces
  • La puntuación promedio es 166 de 266

Estadísticas de respuestas

NúmeroPapa% Correcto
266Francisco
98%
247Benedico XIV
97%
62Benedicto I
97%
81Benedicto II
97%
104Benedicto III
97%
117Benedicto IV
97%
145 | 147 | 150Benedicto IX
97%
131Benedicto V
97%
134Benedicto VI
97%
135Benedicto VII
97%
143Benedicto VIII
97%
194Benedicto XI
97%
197Benedicto XII
97%
245Benedicto XIII
97%
258Benedicto XV
97%
265Benedicto XVI
97%
53Juan I
97%
56Juan II
97%
61Juan III
97%
72Juan IV
97%
116Juan IX
97%
82Juan V
97%
85Juan VI
97%
86Juan VII
97%
107Juan VIII
97%
122Juan X
97%
125Juan XI
97%
130Juan XII
97%
133Juan XIII
97%
136Juan XIV
97%
144Juan XIX
97%
137Juan XV
97%
140Juan XVII
97%
141Juan XVIII
97%
187Juan XXI
97%
196Juan XXII
97%
261Juan XXIII
97%
1Pedro
95%
263Juan Pablo I
93%
264Juan Pablo II
93%
262Pablo VI
90%
93Paulo I
90%
211Paulo II
90%
220Paulo III
90%
223Paulo IV
90%
233Paulo V
90%
10Pío I
90%
210Pío II
90%
215Pío III
90%
224Pío IV
90%
255Pío IX
90%
225Pío V
90%
250Pío VI
90%
251Pío VII
90%
253Pío VIII
90%
257Pío X
90%
259Pío XI
90%
260Pío XII
90%
45León I
74%
80León II
74%
96León III
74%
103León IV
74%
152León IX
74%
118León V
74%
123León VI
74%
126León VII
74%
132León VIII
74%
217León X
74%
232León XI
74%
252León XII
74%
256León XIII
74%
6Alejandro I
73%
156 | 170Alejandro II
73%
181Alejandro IV
73%
214Alejandro VI
73%
237Alejandro VII
73%
241Alejandro VIII
73%
17Urbano I
68%
159Urbano II
68%
172Urbano III
68%
182Urbano IV
68%
200Urbano V
68%
202Urbano VI
68%
228Urbano VII
68%
235Urbano VIII
68%
64Gregorio I
66%
89Gregorio II
66%
90Gregorio III
66%
101Gregorio IV
66%
178Gregorio IX
66%
138Gregorio V
66%
148Gregorio VI
66%
157Gregorio VII
66%
173Gregorio VIII
66%
184Gregorio X
66%
201Gregorio XI
66%
205Gregorio XII
66%
226Gregorio XIII
66%
229Gregorio XIV
66%
234Gregorio XV
66%
254Gregorio XVI
66%
35Julio I
65%
216Julio II
65%
221Julio III
65%
4Clemente I
64%
149Clemente II
64%
174Clemente III
64%
183Clemente IV
64%
238Clemente IX
64%
195Clemente V
64%
198Clemente VI
64%
219Clemente VII
64%
231Clemente VIII
64%
239Clemente X
64%
243Clemente XI
64%
246Clemente XII
64%
248Clemente XIII
64%
249Clemente XIV
64%
40Inocencio I
63%
164Inocencio II
63%
176Inocencio III
63%
180Inocencio IV
63%
230Inocencio IX
63%
185Inocencio V
63%
199Inocencio VI
63%
204Inocencio VII
63%
213Inocencio VIII
63%
236Inocencio X
63%
240Inocencio XI
63%
242Inocencio XII
63%
244Inocencio XIII
63%
16Calixto I
58%
162Calixto II
58%
209Calixto III
58%
7Sixto I
58%
24Sixto II
58%
44Sixto III
58%
212Sixto IV
58%
227Sixto V
58%
42Bonifacio I
57%
55Bonifacio II
57%
66Bonifacio III
57%
67Bonifacio IV
57%
203Bonifacio IX
57%
69Bonifacio V
57%
112Bonifacio VI
57%
193Bonifacio VIII
57%
34Marcos
56%
23Esteban I
55%
92Esteban II
55%
94Esteban III
55%
97Esteban IV
55%
154Esteban IX
55%
110Esteban V
55%
113Esteban VI
55%
124Esteban VII
55%
127Esteban VIII
55%
2Lino
54%
105Nicolás I
54%
155Nicolás II
54%
188Nicolás III
54%
191Nicolás IV
54%
208Nicolás V
54%
95Adriano I
52%
106Adriano II
52%
109Adriano III
52%
169Adriano IV
52%
186Adriano V
52%
218Adriano VI
52%
74Martín
52%
189Martín IV
52%
206Martín V
52%
14Víctor I
51%
153Víctor II
51%
158Víctor III
51%
3Anacleto
50%
84Sergio I
50%
102Sergio II
50%
119Sergio III
50%
142Sergio IV
50%
30Marcelo I
47%
222Marcelo II
47%
33Silvestre I
47%
139Silvestre II
47%
146Silvestre III
47%
70Honorio I
46%
163 | 177Honorio II
46%
190Honorio IV
46%
22Lucio I
46%
166Lucio II
46%
171Lucio III
46%
5Evaristo
44%
26Félix I
44%
48Félix III
44%
54Félix IV
44%
73Teodoro I
44%
115Teodoro II
44%
11Aniceto
43%
43Celestino I
43%
165Celestino II
43%
175Celestino III
43%
179Celestino IV
43%
192Celestino V
43%
75Eugenio I
43%
99Eugenio II
43%
167Eugenio III
43%
207Eugenio IV
43%
9Higinio
43%
98Pascual I
43%
160Pascual II
43%
91Zacarías
43%
39Anastasio I
42%
50Anastasio II
42%
120Anastasio III
42%
168Anastasio IV
42%
29Marcelino
42%
108Marino I
42%
128Marino II
42%
114Romano
42%
57Agapito I
41%
129Agapito II
41%
8Telesforo
41%
68Adeodato I
40%
77Adeodato II
40%
88Constantino
40%
37Dámaso I
40%
151Dámaso II
40%
100Valentín
40%
15Ceferino
39%
52Hormisdas
39%
13Eleuterio
38%
49Gelasio
38%
161Gelasio II
38%
46Hilario
38%
47Simplicio
38%
12Sotero
38%
28Cayo
37%
31Eusebio
37%
18Ponciano
37%
79Agatón
36%
21Cornelio
36%
60Pelagio I
36%
63Pelagio II
36%
41Zósimo
36%
19Antero
35%
25Dionisio
35%
71Severino
35%
83Conón
34%
20Fabiano
34%
111Formoso
34%
58Silverio
34%
78Dono
33%
36Liberio
33%
32Melquíades
33%
65Sabiniano
33%
27Eutiquiano
32%
38Siricio
32%
87Sisinio
32%
121Landón
31%
51Símaco
30%
76Vitaliano
30%
59Vigilio
27%

Distribución de puntuación

Porcentaje por número respondido

Porcentaje de gente con cada puntuación

Historial de tus puntuaciones

No has tomado esta prueba